000 01085nam a2200325 a 4500
001 26050
003 BD-RjUL
005 20211209050950.0
008 140320s1981 cc e f 0 eng d
034 0 _aa
035 _a(BD-RjUL)26120
040 _aDLC
_cDLC
_dDLC
_dBD-RjUL
_beng
041 0 _aengchi
052 _a7821
072 7 _aF7
_2lcg
082 0 0 _a911.51
_221
_bADM 1981
110 2 _aDi tu chu ban she.
_980042
245 1 4 _aThe administrative divisions of the People's Republic of China, 1980 /
250 _a1st ed., 1981.
255 _aScales differ.
260 _aBeijing :
_bCartographic Publishing House,
_c1981.
300 _a1 atlas (168 p.) :
_bill. ;
_c19 cm.
500 _a"Compiled on the basis of the revised Chinese edition of 'The administrative divisions of the People's Republic of China, 1980'"--Note, prelim. p. [3].
504 _aIncludes index.
651 0 _aChina
_xAdministrative and political divisions
_vMaps.
_980037
942 _2ddc
_cBK
987 _aPINYIN
_bDLC
_c20021003
_dc
999 _c26050
_d26050